5HLuxD.jpg

KING HENRY VIII SENIOR AND PRIMARY SCHOOL LIBRARY OPAC

Perspectives Pre-intermediate (Record no. 2809)

000 -LEADER
fixed length control field 00510nam a22001937a 4500
003 - CONTROL NUMBER IDENTIFIER
control field OSt
005 - DATE AND TIME OF LATEST TRANSACTION
control field 20230822104740.0
008 - FIXED-LENGTH DATA ELEMENTS--GENERAL INFORMATION
fixed length control field 230822b ||||| |||| 00| 0 eng d
020 ## - INTERNATIONAL STANDARD BOOK NUMBER
International Standard Book Number 9781337277167
040 ## - CATALOGING SOURCE
Transcribing agency KH8
082 ## - DEWEY DECIMAL CLASSIFICATION NUMBER
Classification number 400 NAT
110 ## - MAIN ENTRY--CORPORATE NAME
Corporate name or jurisdiction name as entry element National Geographic Learning
Relator term Publisher
245 ## - TITLE STATEMENT
Title Perspectives Pre-intermediate
260 ## - PUBLICATION, DISTRIBUTION, ETC.
Name of publisher, distributor, etc. Heinle ELT;
Date of publication, distribution, etc. 2017.
300 ## - PHYSICAL DESCRIPTION
Dimensions 8.2 x 0.5 x 11.6 inches.
650 ## - SUBJECT ADDED ENTRY--TOPICAL TERM
Topical term or geographic name entry element English
Form subdivision Second language
650 ## - SUBJECT ADDED ENTRY--TOPICAL TERM
Topical term or geographic name entry element English
Form subdivision Foreign language
942 ## - ADDED ENTRY ELEMENTS (KOHA)
Source of classification or shelving scheme
Koha item type Teaching Resources
Holdings
Withdrawn status Lost status Source of classification or shelving scheme Damaged status Not for loan Collection code Permanent Location Current Location Shelving location Date acquired Full call number Barcode Date last seen Price effective from Koha item type
          Teaching Resources KH8 Senior School Library KH8 Senior School Library Staff Office 2024-11-19 400 NAT TRKHSL006185 2024-11-19 2024-11-19 Teaching Resources
          Teaching Resources KH8 Senior School Library KH8 Senior School Library Staff Office 2024-11-19 400 NAT TRKHSL006186 2024-11-19 2024-11-19 Teaching Resources

Powered By KH8 IT Dept